LEADER 00962nam a2200241 u 4500 001 000000039406 003 CaOOAMICUS 005 20070226114003.0 008 980512s1950 it u000 u ita u 035 $a10794254 040 $aPUL$bita 100 1 $aCodacci-Pisanelli, Giuseppe,$d1913-$0(OLS)http://pul/name/29325 245 10$aAmpiezza del concetto di novazione /$cGiuseppe Codacci-Pisanelli. 260 $aMilano :$bGiuffrè,$c1950. 300 $a82 p. ;$c26 cm 504 $aBibliografia in nota. 650 4$aDiritto privato.$0(OLS)http://pul/subject/2286 850 $aPUL 852 $aPUL$W1$xDP2 Diritto e Scienze Sociali 1$y65$m172 G 30$j53608$nBK-PRI$qStampati$B53608$CPULBib$Z2$F53608 $H51198 $82 941 1 $a8 961 $aINV: 51198.Dono del prof. Gabrio Lombardi. 996 $6245$aAmpiezza del concetto di novazione$9(OLS)http://pul/title/53341 996 $6260$aMilano :$bGiuffrè$9(OLS)http://pul/publisher/48401 LEADER 01559nam a2200313 a 4500 001 000000162817 003 CaOOAMICUS 005 20170920093255.0 008 170920s1994 it m 001 u ita r 032 $aLibriCat 040 $aPUL$bita 100 1 $aTeani, Maurizio.$0(OLS)http://pul/name/102471 245 10$aCorporeità e risurrezione :$bl'interpretazione di 1 Corinti 15,35-49 nel Novecento /$cMaurizio Teani. 260 $aRoma :$bPontificia Università Gregoriana,$c1994$aBrescia :$bMorcelliana,$c1994. 300 $a335 p. ;$c24 cm. 490 1 $aAloisiana ;$v24 502 $aTesi -- Pontificia Universitas Gregoriana. Facultas theologiae. 1994. 504 $aBibliografia in nota. 630 04$aBiblia.$pN.T.$pAd Corinthios I.$0(OLS)http://pul/subject/20734 710 2 $aPontificia Università Gregoriana.$bFacoltà di teologia.$kTesi.$0(OLS)http://pul/name/81592 830 0$aAloisiana ;$v24.$0(OLS)http://pul/title/31 850 $aPUL 852 $aPUL$W1$xDP1 Tesi Pon. Univ. Gregoriana$y40$mTH PUG 4023$j186791$qTesi$B190036$CPULBib$Z2$F190036 $H72148 $82 852 $aPUL$W1$xDP1 Tesi Varie$y51$mTH VAR 197$j189863$qTesi$B192896$CPULBib$Z2$F192896 $81 941 1 $a16 996 $6245$aCorporeità e risurrezione :$bl'interpretazione di 1 Corinti 15,35-49 nel Novecento$9(OLS)http://pul/title/202562 996 $6260$aRoma :$bPontificia Università Gregoriana$9(OLS)http://pul/publisher/47853 996 $6260$aBrescia :$bMorcelliana$9(OLS)http://pul/publisher/47854